00476 2200169 4500001002100000008004100021035002000062245007100082100002300153260004000176300001300216020002200229084001400251082000800265650001400273990001900287INLIS000000000003144 ind  a0010-0724003144 aHypno Learningb1 menit bikin gila belajar & siap jadi juaracNino aFarida Yunita Sari aJakartabTrans Media Pustaka,c2011 a127 hlm. a978-979-065-093-0 a370 FAR h a370 aNon Fiksi aP29/CP/24/3144